[Event "Titled Tue 10th Jun Early"]
[Site "chess.com INT"]
[Date "2025.06.10"]
[Round "3"]
[White "Masague Artero, Guerau"]
[Black "Naroditsky, Daniel"]
[Result "0-1"]
[WhiteTitle "FM"]
[BlackTitle "GM"]
[WhiteElo "2326"]
[BlackElo "2619"]
[WhiteFideId "32098952"]
[BlackFideId "2026961"]
[EventDate "2025.06.10"]

1. Nf3 Nf6 2. b3 b6 3. Bb2 Bb7 4. e3 e6 5. d4 g6 6. Bd3 Bg7 7. O-O O-O 8. c4 d6
9. Nc3 Nbd7 10. a4 a5 11. Re1 e5 12. Bf1 Re8 13. g3 exd4 14. exd4 Rxe1 15. Nxe1
d5 16. Bg2 Nf8 17. Nc2 Rb8 18. Ne3 dxc4 19. Bxb7 Rxb7 20. bxc4 Ne6 21. Ne2 Rb8
22. d5 Nc5 23. Nd4 Qd7 24. Nb5 Re8 25. Bd4 Nce4 26. Kg2 Ng5 27. h4 Qh3+ 28. Kg1
Rxe3 29. Bxe3 Ng4 30. hxg5 Bxa1 31. Qxa1 Qh2+ 32. Kf1 Qh1+ 0-1

[Event "Titled Tue 10th Jun Early"]
[Site "chess.com INT"]
[Date "2025.06.10"]
[Round "3"]
[White "Zhigalko, Sergei"]
[Black "Karttunen, Mika"]
[Result "1-0"]
[WhiteTitle "GM"]
[BlackTitle "IM"]
[WhiteElo "2572"]
[BlackElo "2490"]
[WhiteFideId "13502956"]
[BlackFideId "502081"]
[EventDate "2025.06.10"]

1. e4 c5 2. Nf3 d6 3. d4 cxd4 4. Qxd4 Nc6 5. Bb5 e5 6. Qd3 a6 7. Bc4 h6 8. Nc3
Nf6 9. O-O Be7 10. Nd5 Nxd5 11. Bxd5 Nb4 12. Bxf7+ Kxf7 13. Qb3+ d5 14. Nxe5+
Kf6 15. Bf4 Nc6 16. Qg3 g5 17. Nxc6 bxc6 18. Bc7 Qd7 19. Be5+ Kg6 20. Bxh8 dxe4
21. Rad1 Qf5 22. Qc7 Be6 23. Qxe7 Rxh8 24. Rd6 1-0

[Event "Titled Tue 10th Jun Early"]
[Site "chess.com INT"]
[Date "2025.06.10"]
[Round "3"]
[White "Lau, Lut Yin Luke"]
[Black "Vogel, Roven"]
[Result "0-1"]
[WhiteTitle "CM"]
[BlackTitle "GM"]
[WhiteElo "2243"]
[BlackElo "2551"]
[WhiteFideId "6002226"]
[BlackFideId "12908088"]
[EventDate "2025.06.10"]

1. a3 d5 2. g3 e5 3. Bg2 Nf6 4. c4 dxc4 5. Qa4+ c6 6. Qxc4 Be6 7. Qc2 Bd6 8. Nc3
O-O 9. Nf3 h6 10. O-O a5 11. d4 Nbd7 12. Rd1 Qe7 13. h3 Rfd8 14. Be3 Nd5 15.
Nxd5 Bxd5 16. dxe5 Nxe5 17. Nxe5 Bxg2 18. Nxf7 Be4 19. Qc4 Bd5 20. Nxh6+ gxh6
21. Qg4+ Qg7 22. Bxh6 Qxg4 23. hxg4 Be5 24. Rd2 Bb3 25. Rc1 a4 26. Rb1 Rxd2 27.
Bxd2 Rd8 28. Ba5 Rd1+ 29. Rxd1 Bxd1 30. Bc3 Bxc3 31. bxc3 Bxe2 32. g5 Bf3 33.
Kf1 Kf7 34. Ke1 Kg6 35. Kd2 Kxg5 36. Ke3 0-1

[Event "Titled Tue 10th Jun Early"]
[Site "chess.com INT"]
[Date "2025.06.10"]
[Round "3"]
[White "Logozar, Elijah"]
[Black "Ghomi, Parnian"]
[Result "1-0"]
[BlackTitle "WCM"]
[WhiteElo "1928"]
[BlackElo "2015"]
[WhiteFideId "30963788"]
[BlackFideId "22502785"]
[EventDate "2025.06.10"]

1. e4 e6 2. d4 d5 3. Nc3 Bb4 4. e5 b6 5. a3 Bxc3+ 6. bxc3 Qd7 7. a4 Ba6 8. Bxa6
Nxa6 9. Nf3 c5 10. O-O Ne7 11. a5 O-O 12. Bg5 Nc6 13. Qd2 Nxa5 14. Bf6 gxf6 15.
exf6 Kh8 16. Qh6 Rg8 17. Ng5 Rxg5 18. Qxg5 Rg8 19. Qe5 Nc4 20. Qe2 Nb8 21. f4
Nc6 22. Rad1 Qd8 23. f5 Qxf6 24. fxe6 Qxe6 25. Qf2 Qe3 26. dxc5 Qxf2+ 27. Rxf2
bxc5 28. Rxd5 Ne3 29. Rxc5 Rb8 30. h3 Rb1+ 31. Kh2 Ne7 32. Rxf7 Nf1+ 33. Kg1
Ng3+ 34. Kh2 Nf1+ 35. Kg1 Ne3+ 36. Kh2 N3d5 37. c4 Kg8 38. Rf3 Nb6 39. Rc7 Nbc8
40. Rd3 Kf7 41. Rdd7 Ke6 42. Rd8 Rb8 43. Re8 Kf7 44. Rcxe7+ Nxe7 45. Rxb8 1-0

[Event "Titled Tue 10th Jun Early"]
[Site "chess.com INT"]
[Date "2025.06.10"]
[Round "3"]
[White "Panin, Mikhail"]
[Black "Chernyavsky, Alexander"]
[Result "0-1"]
[WhiteTitle "CM"]
[BlackTitle "FM"]
[WhiteElo "2255"]
[BlackElo "2332"]
[WhiteFideId "34164992"]
[BlackFideId "24131156"]
[EventDate "2025.06.10"]

1. Nf3 c5 2. b3 Nc6 3. Bb2 d5 4. e3 a6 5. d4 cxd4 6. Nxd4 Nf6 7. c4 e6 8. Nc3
Bb4 9. Nxc6 bxc6 10. Be2 Ne4 11. Qc2 Qf6 12. Bd3 Bxc3+ 13. Bxc3 Qxc3+ 14. Qxc3
Nxc3 15. f3 dxc4 16. Bxc4 Nd5 17. e4 Nb6 18. Be2 Bb7 19. Rc1 Ke7 20. Kf2 a5 21.
Ke3 a4 22. b4 Rhc8 23. a3 Nd7 24. Rc2 Ba6 25. Rhc1 Bxe2 26. Kxe2 c5 27. bxc5 Rc6
28. Rc4 Ra5 29. Rb1 Raxc5 30. Rxa4 Rc2+ 31. Kf1 Ra2 32. Ra7 Rcc2 33. Rd1 Rf2+
34. Kg1 Rxg2+ 35. Kf1 Rgf2+ 36. Ke1 0-1

[Event "Titled Tue 10th Jun Early"]
[Site "chess.com INT"]
[Date "2025.06.10"]
[Round "3"]
[White "Deng, Henry"]
[Black "Dominguez, Ramiro"]
[Result "0-1"]
[WhiteTitle "FM"]
[BlackTitle "FM"]
[WhiteElo "2327"]
[BlackElo "2210"]
[WhiteFideId "30965454"]
[BlackFideId "4420055"]
[EventDate "2025.06.10"]

1. Nf3 Nf6 2. b3 e6 3. Bb2 d5 4. g3 Be7 5. Bg2 b6 6. O-O Bb7 7. c4 c5 8. e3 Nbd7
9. d4 O-O 10. Nbd2 Rc8 11. cxd5 exd5 12. Rc1 Qc7 13. Qe2 Rfd8 14. Rfd1 Nf8 15.
h3 Ne6 16. dxc5 bxc5 17. Ne5 Qb8 18. Ndf3 Ne4 19. Qc2 Bd6 20. Nd3 c4 21. bxc4
dxc4 22. Nf4 Nxf4 23. gxf4 c3 24. Ba1 Ba3 25. Rb1 Nd2 26. Nxd2 cxd2 27. Qa4 Rc1
28. Qxa3 Rxb1 29. Rxb1 Bxg2 30. Kxg2 Qxb1 31. Qc3 Qg6+ 0-1

[Event "Titled Tue 10th Jun Early"]
[Site "chess.com INT"]
[Date "2025.06.10"]
[Round "3"]
[White "Rabin, Evan"]
[Black "Sieciechowicz, Marcin"]
[Result "0-1"]
[BlackTitle "IM"]
[WhiteElo "1945"]
[BlackElo "2413"]
[WhiteFideId "2028670"]
[BlackFideId "1130170"]
[EventDate "2025.06.10"]

1. e4 e6 2. d4 d5 3. Nd2 c5 4. Ngf3 cxd4 5. exd5 Qxd5 6. Bc4 Qd6 7. O-O Nf6 8.
Nb3 Nc6 9. Nbxd4 Nxd4 10. Nxd4 Bd7 11. c3 Qc7 12. Qe2 a6 13. a4 O-O-O 14. Bg5
Bd6 15. h3 h6 16. Be3 e5 17. Nf3 Bc6 18. a5 Bxf3 19. gxf3 Bc5 20. Rfd1 Bxe3 21.
fxe3 Rxd1+ 22. Rxd1 Rd8 23. Rxd8+ Kxd8 24. Qd3+ Ke7 25. Kg2 Qxa5 26. b4 Qc7 27.
Bb3 Qc6 28. c4 e4 29. fxe4 Qxe4+ 30. Qxe4+ Nxe4 31. Kf3 Nd2+ 32. Ke2 Nxb3 33.
Kd3 a5 0-1

[Event "Titled Tue 10th Jun Early"]
[Site "chess.com INT"]
[Date "2025.06.10"]
[Round "3"]
[White "Swara Lakshmi S Nair"]
[Black "Tsapov, Igor"]
[Result "1-0"]
[WhiteTitle "WCM"]
[BlackTitle "CM"]
[WhiteElo "2187"]
[BlackElo "2093"]
[WhiteFideId "25629239"]
[BlackFideId "4179005"]
[EventDate "2025.06.10"]

1. e4 c5 2. Nf3 d6 3. d4 cxd4 4. Nxd4 Nf6 5. Nc3 a6 6. h3 e5 7. Nf3 Be7 8. g4 h6
9. Rg1 Be6 10. g5 hxg5 11. Nxg5 b5 12. a4 b4 13. Nd5 Nxd5 14. exd5 Bf5 15. Be3
Nd7 16. Qf3 Bg6 17. Bd3 e4 18. Bxe4 Ne5 19. Qg2 Bxe4 20. Qxe4 Qa5 21. b3 Rc8 22.
f4 Ng6 23. Bd4 Rg8 24. Nxf7 Qc7 25. Qxg6 1-0

[Event "Titled Tue 10th Jun Early"]
[Site "chess.com INT"]
[Date "2025.06.10"]
[Round "3"]
[White "Thake, Conrad"]
[Black "Ozen, Batuhan"]
[Result "0-1"]
[WhiteTitle "CM"]
[BlackTitle "CM"]
[WhiteElo "1873"]
[BlackElo "2128"]
[WhiteFideId "5602947"]
[BlackFideId "6345123"]
[EventDate "2025.06.10"]

1. e4 e5 2. Nf3 Nc6 3. Bc4 Bc5 4. b4 Bxb4 5. c3 Ba5 6. Qb3 Qe7 7. O-O Nf6 8. d4
O-O 9. Bg5 exd4 10. cxd4 Qxe4 11. Bxf6 gxf6 12. Nc3 Bxc3 13. Qxc3 d5 14. Bd3 Qf4
15. Qc2 Bg4 16. Bxh7+ Kg7 17. Bd3 Bxf3 18. gxf3 Nxd4 19. Qc1 Nxf3+ 20. Kg2 Qg4+
21. Kh1 Rh8 22. Qxc7 Nxh2 23. Rg1 Nf3+ 24. Qh2 Rxh2# 0-1

[Event "Titled Tue 10th Jun Early"]
[Site "chess.com INT"]
[Date "2025.06.10"]
[Round "3"]
[White "Schnaider, Ilan"]
[Black "Craciun, Sasha-Matei"]
[Result "1-0"]
[WhiteTitle "IM"]
[BlackTitle "FM"]
[WhiteElo "2388"]
[BlackElo "2320"]
[WhiteFideId "169013"]
[BlackFideId "1281186"]
[EventDate "2025.06.10"]

1. e4 c5 2. Nf3 Nc6 3. d4 cxd4 4. Nxd4 Nf6 5. Nc3 e5 6. Ndb5 d6 7. Bg5 a6 8. Na3
b5 9. Nd5 Be7 10. Bxf6 Bxf6 11. c3 Bg5 12. Nc2 O-O 13. h4 Bh6 14. Be2 Ra7 15. g4
Bf4 16. Nxf4 exf4 17. Nd4 Ne5 18. f3 d5 19. exd5 Qxd5 20. Qd2 Nc4 21. Bxc4 bxc4
22. Kf2 f5 23. g5 Re7 24. Rae1 Rfe8 25. Rxe7 Rxe7 26. Re1 Rxe1 27. Qxe1 Kf7 28.
Qd2 Qd6 29. Qe2 Be6 30. h5 Bd5 31. Nxf5 Qc5+ 32. Nd4 g6 33. hxg6+ Kxg6 34. Qe5
Qa5 35. Qf6+ 1-0

[Event "Titled Tue 10th Jun Early"]
[Site "chess.com INT"]
[Date "2025.06.10"]
[Round "3"]
[White "Troltenier, Dirk"]
[Black "Sheremetev, Vladislav"]
[Result "0-1"]
[WhiteTitle "FM"]
[BlackTitle "CM"]
[WhiteElo "2174"]
[BlackElo "2133"]
[WhiteFideId "4606400"]
[BlackFideId "54188300"]
[EventDate "2025.06.10"]

1. e4 c5 2. Nf3 d6 3. Bb5+ Bd7 4. Bxd7+ Qxd7 5. c4 Nc6 6. Nc3 g6 7. d4 cxd4 8.
Nxd4 Bg7 9. Be3 Nf6 10. f3 O-O 11. Nde2 Rfd8 12. Qd2 e6 13. Rd1 d5 14. cxd5 exd5
15. exd5 Ne7 16. Bg5 Nexd5 17. Nxd5 Qxd5 18. Qxd5 Rxd5 19. Bxf6 Rxd1+ 20. Kxd1
Bxf6 21. Kc2 Re8 22. Ng3 h5 23. Ne4 Be5 24. h3 f5 25. Nd2 Bf4 26. g4 Re2 0-1

[Event "Titled Tue 10th Jun Early"]
[Site "chess.com INT"]
[Date "2025.06.10"]
[Round "3"]
[White "Miserendino, Alfredo"]
[Black "Marynychenko, Yehor"]
[Result "0-1"]
[BlackTitle "CM"]
[WhiteElo "2032"]
[BlackElo "2183"]
[WhiteFideId "101800"]
[BlackFideId "34160558"]
[EventDate "2025.06.10"]

1. e4 c5 2. Nf3 Nc6 3. Bb5 e6 4. Bxc6 bxc6 5. e5 Ne7 6. O-O Ng6 7. Re1 Qc7 8. d4
cxd4 9. Qxd4 c5 10. Qa4 Bb7 11. Nbd2 Be7 12. b3 O-O 13. Bb2 f6 14. Rad1 Bc6 15.
Qg4 f5 16. Qc4 Bd5 17. Qa4 Bc6 18. Qc4 Qb7 19. a4 Bd5 20. Qf1 c4 21. Nxc4 Bxf3
22. gxf3 Nh4 23. Nd2 Bg5 0-1

[Event "Titled Tue 10th Jun Early"]
[Site "chess.com INT"]
[Date "2025.06.10"]
[Round "3"]
[White "Coro, Lucas"]
[Black "Ahmad, Khagan"]
[Result "1-0"]
[WhiteTitle "IM"]
[BlackTitle "IM"]
[WhiteElo "2438"]
[BlackElo "2394"]
[WhiteFideId "147222"]
[BlackFideId "13431552"]
[EventDate "2025.06.10"]

1. c4 e6 2. g3 d5 3. Bg2 Nf6 4. Nf3 Be7 5. O-O O-O 6. b3 a5 7. Nc3 c6 8. d4 Nbd7
9. Bb2 b6 10. Qc2 Ba6 11. e4 dxc4 12. Rfe1 b5 13. bxc4 bxc4 14. Rad1 Qc7 15. Bc1
Bb4 16. a3 Bxc3 17. Qxc3 Nb6 18. Qxa5 Bb5 19. Qb4 Rfd8 20. h3 h6 21. Ne5 Ra4 22.
Qc3 Nfd7 23. Ng4 h5 24. Ne3 Qd6 25. Nc2 Qe7 26. Qf3 Nf6 27. e5 Nfd5 28. Qxh5
Rda8 29. Bg5 Qf8 30. Be4 g6 31. Qh4 Nc3 32. Bf6 Qg7 33. Bxg7 Kxg7 34. Qf6+ Kg8
35. Bxg6 fxg6 36. Qxg6+ Kf8 37. Re3 1-0

[Event "Titled Tue 10th Jun Early"]
[Site "chess.com INT"]
[Date "2025.06.10"]
[Round "3"]
[White "Fernandes, Rogerio Paulo Muller"]
[Black "Garrido, Denis"]
[Result "0-1"]
[BlackTitle "FM"]
[WhiteElo "2241"]
[BlackElo "2230"]
[WhiteFideId "2101599"]
[BlackFideId "601217"]
[EventDate "2025.06.10"]

1. c4 g6 2. g3 Bg7 3. Bg2 Nf6 4. Nf3 O-O 5. O-O d6 6. Nc3 Nc6 7. d3 Nh5 8. Rb1
f5 9. Bd2 a5 10. a3 f4 11. b4 axb4 12. axb4 Bg4 13. b5 Nd4 14. Nxd4 Bxd4 15.
Bxb7 fxg3 16. hxg3 Nxg3 17. Bd5+ e6 18. Bxe6+ Bxe6 19. e3 Nxf1 20. Qxf1 Qg5+ 21.
Qg2 Qxg2+ 22. Kxg2 Bxc3 23. Bxc3 Ra2 24. Be1 h5 25. b6 cxb6 26. Rxb6 h4 27. Rxd6
h3+ 28. Kg3 Bf5 29. e4 Bc8 30. Rxg6+ Kh7 0-1

[Event "Titled Tue 10th Jun Early"]
[Site "chess.com INT"]
[Date "2025.06.10"]
[Round "3"]
[White "Aarit Kapil"]
[Black "Vasilenok, Anton"]
[Result "1-0"]
[WhiteTitle "CM"]
[BlackTitle "CM"]
[WhiteElo "2078"]
[BlackElo "2137"]
[WhiteFideId "33408947"]
[BlackFideId "34133124"]
[EventDate "2025.06.10"]

1. Nf3 g6 2. d4 Bg7 3. e3 Nf6 4. Bd3 O-O 5. O-O d5 6. h3 b6 7. Re1 Bb7 8. c4
Nbd7 9. cxd5 Nxd5 10. e4 Nb4 11. Bf1 c5 12. d5 f5 13. a3 fxe4 14. Ng5 Nxd5 15.
Ne6 Qe8 16. Nxf8 Qxf8 17. Rxe4 N7f6 18. Re1 Rd8 19. Qc2 Nh5 20. Bc4 Kh8 21. Bg5
Rd7 22. Bxd5 1-0

[Event "Titled Tue 10th Jun Early"]
[Site "chess.com INT"]
[Date "2025.06.10"]
[Round "3"]
[White "Novozhilov, Semen"]
[Black "Grave, Jacob Templen"]
[Result "1-0"]
[WhiteTitle "FM"]
[BlackTitle "FM"]
[WhiteElo "2352"]
[BlackElo "2350"]
[WhiteFideId "24289167"]
[BlackFideId "1542656"]
[EventDate "2025.06.10"]

1. d4 Nf6 2. Nf3 d5 3. c4 e6 4. g3 Be7 5. Bg2 O-O 6. O-O dxc4 7. Qc2 b6 8. Qxc4
Bb7 9. Nc3 Nbd7 10. Rd1 c5 11. dxc5 Rc8 12. Qa4 Bc6 13. Qb3 Bxc5 14. Bg5 Qe7 15.
Nb5 Bxf2+ 16. Kxf2 Ne4+ 17. Kf1 Nxg5 18. Nxg5 Bxg2+ 19. Kxg2 Qxg5 20. Rxd7 Qe3
21. Qxe3 1-0

[Event "Titled Tue 10th Jun Early"]
[Site "chess.com INT"]
[Date "2025.06.10"]
[Round "3"]
[White "Chaulagain, Purusottam"]
[Black "Bulgak, Damir"]
[Result "0-1"]
[WhiteTitle "CM"]
[WhiteElo "1952"]
[BlackElo "2213"]
[WhiteFideId "12300730"]
[BlackFideId "13528882"]
[EventDate "2025.06.10"]

1. d4 Nf6 2. Nc3 e6 3. Bf4 d5 4. Qd2 c5 5. e3 Nc6 6. Nf3 cxd4 7. exd4 Bb4 8. Bd3
Ne4 9. Bxe4 dxe4 10. Ng5 Qxd4 11. Qxd4 Nxd4 12. O-O-O Bxc3 13. bxc3 Ne2+ 14. Kb2
Nxf4 15. g3 Nd5 16. Nxe4 Ke7 17. c4 Nb6 18. c5 Nd5 19. c4 Nf6 20. Nd6 Bd7 21.
Rhe1 Bc6 22. Nf5+ Kf8 23. Nd6 Nd7 24. Ne4 Ke7 25. f3 Bxe4 26. fxe4 Nxc5 27. e5
Rhd8 28. Rf1 Nd3+ 29. Kc3 Nxe5 30. Rde1 Nc6 31. Rf3 f6 32. Rfe3 e5 33. g4 Rd7
34. h4 Rad8 35. g5 a5 36. gxf6+ gxf6 37. Rg1 Nb4 38. Rg4 Rd3+ 39. Rxd3 Rxd3+ 40.
Kb2 Rd7 41. Rg7+ Ke6 42. Rg8 e4 43. Kc1 e3 44. Re8+ Re7 45. Rd8 e2 46. Kd2 Kf7
47. Ke1 Nc2+ 0-1

[Event "Titled Tue 10th Jun Early"]
[Site "chess.com INT"]
[Date "2025.06.10"]
[Round "3"]
[White "Matyakubov, Miraziz"]
[Black "Lopez Del Alamo, Antonio"]
[Result "1-0"]
[WhiteTitle "CM"]
[BlackTitle "FM"]
[WhiteElo "2278"]
[BlackElo "2166"]
[WhiteFideId "14215772"]
[BlackFideId "2227339"]
[EventDate "2025.06.10"]

1. f4 d5 2. Nf3 Nf6 3. e3 g6 4. b3 Bg7 5. Bb2 O-O 6. Be2 c5 7. O-O Nc6 8. Ne5 d4
9. Nxc6 bxc6 10. Na3 Nd5 11. Nc4 a5 12. a4 Ba6 13. e4 Nb4 14. e5 f6 15. c3 d3
16. Bf3 Nd5 17. Ba3 Nxf4 18. Bxc5 Bxc4 19. bxc4 fxe5 20. Kh1 Qc7 21. Qe1 Ne6 22.
Be3 Rab8 23. Qh4 Nf4 24. Be4 Bf6 25. Qg4 Kg7 26. g3 Ne2 27. Bxd3 1-0

[Event "Titled Tue 10th Jun Early"]
[Site "chess.com INT"]
[Date "2025.06.10"]
[Round "3"]
[White "Mika, Tomasz"]
[Black "Mendes Aaron Reeve"]
[Result "0-1"]
[WhiteTitle "CM"]
[BlackTitle "IM"]
[WhiteElo "2227"]
[BlackElo "2335"]
[WhiteFideId "1132970"]
[BlackFideId "25954938"]
[EventDate "2025.06.10"]

1. e4 a6 2. d4 b5 3. a4 b4 4. Bd3 Bb7 5. f3 e6 6. Ne2 c5 7. c3 bxc3 8. bxc3 Nc6
9. O-O Nf6 10. Ba3 cxd4 11. Bxf8 Kxf8 12. cxd4 Nb4 13. Qb3 a5 14. Bb5 d5 15.
Nbc3 Kg8 16. e5 Ne8 17. f4 g6 18. Rf2 h5 19. Raf1 Ng7 20. h3 Nf5 21. Kh2 Qb6 22.
Qd1 Ne3 23. Qd2 Nxf1+ 24. Rxf1 Ba6 25. f5 exf5 26. Nf4 Bxb5 27. Ncxd5 Nxd5 28.
Nxd5 Qe6 29. Nf6+ Qxf6 30. exf6 Bxf1 31. Qf4 Bc4 32. Kg3 Kh7 33. Kh4 Rhe8 34.
Kg5 Re4 35. Qc7 Be6 36. Qb7 Rd8 37. Qb6 Rdxd4 38. Qxa5 Rg4+ 39. hxg4 Rxg4# 0-1

[Event "Titled Tue 10th Jun Early"]
[Site "chess.com INT"]
[Date "2025.06.10"]
[Round "3"]
[White "Li, Hui"]
[Black "Olhovik, Andrei"]
[Result "1-0"]
[WhiteTitle "CM"]
[BlackTitle "FM"]
[WhiteElo "2041"]
[BlackElo "2282"]
[WhiteFideId "15400310"]
[BlackFideId "13507397"]
[EventDate "2025.06.10"]

1. e4 c5 2. Nf3 e6 3. d4 cxd4 4. Nxd4 Bc5 5. Be3 Qb6 6. Na3 d5 7. exd5 exd5 8.
Bb5+ Nd7 9. c3 Nf6 10. O-O O-O 11. b4 Bxd4 12. Bxd4 Qc7 13. Bd3 Ne5 14. Nb5 Qb8
15. Bc5 Rd8 16. Be7 Re8 17. Bd6 Nxd3 18. Bxb8 Bf5 19. Bg3 Re7 20. Nd4 Bg6 21.
Qd2 Rc8 22. Rad1 Ne5 23. Bxe5 Rxe5 24. Rfe1 Ne4 25. Qf4 Ree8 26. Nb5 Re6 27. f3
Nxc3 28. Nxc3 Rxc3 29. Qb8+ 1-0

[Event "Titled Tue 10th Jun Early"]
[Site "chess.com INT"]
[Date "2025.06.10"]
[Round "3"]
[White "Serra Canals, Oriol"]
[Black "Silva, Luca"]
[Result "1-0"]
[WhiteTitle "CM"]
[BlackTitle "FM"]
[WhiteElo "2116"]
[BlackElo "2211"]
[WhiteFideId "22276084"]
[BlackFideId "147370"]
[EventDate "2025.06.10"]

1. d4 Nf6 2. Bf4 c5 3. d5 d6 4. Nc3 e5 5. dxe6 fxe6 6. e4 Nc6 7. Nf3 Be7 8. e5
dxe5 9. Qxd8+ Bxd8 10. Nxe5 Nxe5 11. Bxe5 Bd7 12. O-O-O Bc6 13. Bc4 Kf7 14. f3
Re8 15. Rhe1 a6 16. a4 Ba5 17. Bb3 Rad8 18. Bd6 Bxc3 19. bxc3 b6 20. a5 bxa5 21.
Bxc5 a4 22. Ba2 Rc8 23. Rd6 Bd5 24. Bxd5 exd5 25. Rxe8 Kxe8 26. Bd4 Kf7 27. Rxa6
Re8 28. Kd2 Nh5 29. g3 Nf6 30. Rxa4 Nd7 31. Ra7 Ke6 32. Ra6+ Ke7 33. Bxg7 Nc5
34. Ra7+ Kd6 35. Bd4 Ne6 36. Rxh7 1-0

[Event "Titled Tue 10th Jun Early"]
[Site "chess.com INT"]
[Date "2025.06.10"]
[Round "3"]
[White "Dyulgerov, Volen"]
[Black "Khumalo, Keith"]
[Result "0-1"]
[WhiteTitle "CM"]
[BlackTitle "CM"]
[WhiteElo "2200"]
[BlackElo "2171"]
[WhiteFideId "2918978"]
[BlackFideId "14319470"]
[EventDate "2025.06.10"]

1. e4 c5 2. d4 cxd4 3. c3 d3 4. Bxd3 Nc6 5. Ne2 g6 6. f4 Bg7 7. O-O d6 8. c4 Nf6
9. h3 O-O 10. Nbc3 Nd7 11. Nd5 Nc5 12. Bc2 a5 13. Be3 Bxb2 14. f5 Bg7 15. Nef4
e6 16. f6 Bh8 17. Bxc5 dxc5 18. Ba4 Bxf6 19. Kh1 exd5 20. cxd5 Ne5 21. d6 Bg7
22. Nd5 Be6 23. Ne7+ Kh8 24. Rb1 Rb8 25. Rf2 Nc4 26. e5 Nxe5 27. Rd2 Nc4 28. Rd3
Nxd6 29. Rd4 0-1

[Event "Titled Tue 10th Jun Early"]
[Site "chess.com INT"]
[Date "2025.06.10"]
[Round "3"]
[White "Izafatava, Kira"]
[Black "Rees, Ioan"]
[Result "0-1"]
[BlackTitle "FM"]
[WhiteElo "2036"]
[BlackElo "2280"]
[WhiteFideId "13521705"]
[BlackFideId "1801236"]
[EventDate "2025.06.10"]

1. e4 e5 2. Nf3 Nc6 3. d4 exd4 4. Nxd4 Nf6 5. Nxc6 bxc6 6. Bd3 d5 7. exd5 cxd5
8. Nc3 Be7 9. O-O O-O 10. Bf4 c5 11. Be2 Bb7 12. Bf3 Qd7 13. Re1 Rfe8 14. Qd2 d4
15. Ne4 Nd5 16. Bg3 h6 17. c3 f5 18. Nxc5 Bxc5 19. cxd4 Bf8 0-1

[Event "Titled Tue 10th Jun Early"]
[Site "chess.com INT"]
[Date "2025.06.10"]
[Round "3"]
[White "Lopez Abreu, Michel Samuel"]
[Black "Radchenko, Alexey"]
[Result "1/2-1/2"]
[WhiteTitle "FM"]
[BlackTitle "FM"]
[WhiteElo "2038"]
[BlackElo "2290"]
[WhiteFideId "3927903"]
[BlackFideId "4192362"]
[EventDate "2025.06.10"]

1. d4 d5 2. Nf3 c6 3. Bf4 Nf6 4. Nbd2 e6 5. e3 Bd6 6. Bxd6 Qxd6 7. Bd3 Nbd7 8.
c3 e5 9. dxe5 Nxe5 10. Nxe5 Qxe5 11. Nf3 Qh5 12. Be2 Bg4 13. Nd4 O-O-O 14. h3
Bxe2 15. Qxe2 Qg6 16. g3 Rhe8 17. O-O-O a6 18. Qc2 Ne4 19. Rdf1 f5 20. Ne2 Qd6
21. Nf4 g5 22. Nd3 c5 23. Rhg1 h5 24. g4 hxg4 25. hxg4 f4 26. f3 Ng3 27. exf4
Nxf1 28. Rxf1 c4 29. Ne5 gxf4 30. Nf7 Qb6 31. Nxd8 Qe3+ 32. Qd2 Rxd8 33. Qxe3
fxe3 34. Kd1 d4 35. cxd4 Rxd4+ 36. Ke2 Rd2+ 37. Kxe3 Rxb2 38. g5 Rxa2 39. Rg1
Ra3+ 40. Ke4 Ra2 41. g6 Re2+ 42. Kd4 Re8 43. Kxc4 Kd7 44. g7 Rg8 45. Kc5 b5 46.
Kb6 Ke6 47. Kxa6 b4 48. Kb5 b3 49. Kc4 b2 50. Kc3 Rxg7 51. Re1+ Kf5 52. Kxb2 Kf4
53. Rc1 Kxf3 54. Rc3+ Ke4 55. Rc4+ Kd3 56. Rc3+ Kd4 57. Rh3 Rg2+ 58. Kb1 Rg1+
59. Kb2 Rg2+ 60. Kb1 Kc4 61. Rf3 Rh2 62. Ra3 Rh1+ 63. Kb2 Rh2+ 64. Kb1 Rh1+ 65.
Kb2 Rh2+ 66. Kb1 1/2-1/2

[Event "Titled Tue 10th Jun Early"]
[Site "chess.com INT"]
[Date "2025.06.10"]
[Round "3"]
[White "Lazaro Azcutia, Miguel"]
[Black "Gonzalez Menendez, Ivan"]
[Result "0-1"]
[WhiteTitle "CM"]
[BlackTitle "FM"]
[WhiteElo "2275"]
[BlackElo "2382"]
[WhiteFideId "54538254"]
[BlackFideId "2226316"]
[EventDate "2025.06.10"]

1. e4 e6 2. d4 d5 3. Nc3 Bb4 4. e5 c5 5. a3 Bxc3+ 6. bxc3 Ne7 7. h4 Qa5 8. Bd2
Nbc6 9. h5 h6 10. Qg4 O-O 11. Rh3 f6 12. Bxh6 Nf5 13. exf6 Rxf6 14. Bg5 Rf7 15.
h6 e5 16. hxg7 Nxg7 17. Qh4 Bxh3 18. Qxh3 cxd4 19. Bd2 dxc3 20. Bxc3 Qc5 21. Be2
Qxf2+ 22. Kd2 d4 23. Bb2 Qe3+ 24. Qxe3 dxe3+ 25. Kxe3 Nf5+ 26. Kd2 Rd8+ 27. Kc3
Ncd4 28. Bc4 Rc8 29. Kb4 a5+ 30. Kxa5 Rxc4 31. Nh3 b6+ 0-1

[Event "Titled Tue 10th Jun Early"]
[Site "chess.com INT"]
[Date "2025.06.10"]
[Round "3"]
[White "Sitnic, Adnan"]
[Black "Tifferet, Shakked"]
[Result "0-1"]
[WhiteTitle "CM"]
[BlackTitle "FM"]
[WhiteElo "2058"]
[BlackElo "2322"]
[WhiteFideId "14403854"]
[BlackFideId "2811529"]
[EventDate "2025.06.10"]

1. e4 e5 2. Nf3 d6 3. c3 Nf6 4. d3 g6 5. Be2 Bg7 6. h3 O-O 7. g4 d5 8. Nbd2 Nc6
9. Qc2 a5 10. a4 b6 11. Nf1 Ba6 12. Ng3 d4 13. Bg5 dxc3 14. bxc3 Qd6 15. O-O h6
16. Be3 Rad8 17. Rfd1 Rfe8 18. Qc1 Kh7 19. g5 Ng8 20. h4 h5 21. Ne1 Nge7 22. f4
exf4 23. Bxf4 Qd7 24. Kh2 Ne5 25. c4 Bc8 26. Bf1 Qg4 27. Qe3 Qxh4+ 28. Kg1 Ng4
29. Qe2 Bd4+ 30. Kg2 Qh2+ 31. Kf3 Ne5+ 32. Bxe5 Bg4+ 33. Kf4 Bxe5+ 34. Kxe5
Qxg3+ 35. Kf6 Qd6+ 36. Kxf7 Be6+ 37. Kf6 Bxc4# 0-1